ABBA - Chansons les plus écoutées - Statistiques

Statistiques générales
  • Ce quiz a été pris 843 fois
  • Le résultat moyen est 9 sur 20
Statistiques - réponses
Chanson Vues % Correct
1 Dancing Queen 857 761 492
93%
3 Mamma Mia 307 038 495
90%
13 Waterloo 88 825 707
72%
2 Gimme! Gimme! Gimme! 456 386 284
70%
8 Money, Money, Money 132 765 797
68%
7 The Winner Takes It All 149 035 490
66%
14 Voulez-Vous 65 201 116
56%
5 Fernando 164 684 578
53%
10 Super Trouper 106 396 707
52%
12 SOS 90 216 936
51%
4 Chiquitita 247 791 564
49%
6 Take A Chance On Me 162 495 372
40%
17 Does Your Mother Know 48 275 263
31%
16 Thank You For The Music 50 455 357
30%
9 Knowing Me, Knowing You 108 518 766
28%
15 One Of Us 61 085 542
23%
11 Happy New Year 100 547 515
12%
18 The Day Before You Came 45 191 560
5%
20 I Still Have Faith In You 43 814 742
3%
19 Estoy Soñando 45 187 783
1%
Aucun quiz correspondant
Distribution des résultats
% des personnes avec chaque résultat
Percentile par nombre de réponses
Votre historique - résultats
Vous n’avez pas pris ce quiz